000 00862nam a2200217 i 4500
001 82246
003 ES-MaACL
005 20250827051504.0
007 t|
008 041209s1992 fr |||| | fre d
020 _a2-221-05912-3
100 1 _aJan, Michel.
_965991
245 1 3 _aLe voyage en Asie centrale et au Tibet
_b: anthologie des voyageurs occidentaux du Moyen Age a la première moitié du XXe siècle /
_cMichel Jan ; introduction, chronologie, bibliographie, index des nombs de personnes et de lieux établis par Michel Jan ; cartes établies par Fernand Bunel.
260 _aParis :
_bRobert Laffont,
_c1992.
300 _aXXXII, 1482 p. ;
_c21 cm.
650 1 7 _aViajes alrededor del mundo
_2embne
_917780
651 4 _aAsia-
_xDescripción.
_97824
700 1 _aBunel, Fernand.
_932546
852 _aES-MaACL
_jE-10548
999 _c82246
_d82246